Áreas de la entrevista para la evaluación psicológica de personas transexuales (Record no. 179699)
[ view plain ]
| 000 -CABECERA | |
|---|---|
| campo de control de longitud fija | 01910nab a2200325 a 4500 |
| 005 - FECHA Y HORA DE LA ÚLTIMA TRANSACCIÓN | |
| campo de control | 20250930134212.0 |
| 008 - ELEMENTOS DE LONGITUD FIJA--INFORMACIÓN GENERAL | |
| campo de control de longitud fija | 991125c2015 sp fr p o 000 0 spa d |
| 035 ## - NÚMERO DE CONTROL DEL SISTEMA | |
| Número de control de sistema | UPN01000207598 |
| 040 ## - FUENTE DE LA CATALOGACIÓN | |
| Centro catalogador/agencia de origen | MX-MxUPN |
| Lengua de catalogación | spa |
| Centro/agencia transcriptor | MX-MxUPN |
| Normas de descripción | aacr2 |
| 049 ## - COLECCIÓN | |
| Colección | ART-E |
| 100 1# - ASIENTO PRINCIPAL--NOMBRE PERSONAL | |
| Nombre de persona | Rodríguez Molina, José Miguel |
| 100 1# - ASIENTO PRINCIPAL--NOMBRE PERSONAL | |
| Filiación | vibranium@hotmail.c |
| 100 1# - ASIENTO PRINCIPAL--NOMBRE PERSONAL | |
| Nombre de persona | Asenjo Araque, Nuria |
| 100 1# - ASIENTO PRINCIPAL--NOMBRE PERSONAL | |
| Nombre de persona | Becerra Fernández, Antonio |
| 100 1# - ASIENTO PRINCIPAL--NOMBRE PERSONAL | |
| Nombre de persona | Lucio Pérez, María Jesús |
| 100 1# - ASIENTO PRINCIPAL--NOMBRE PERSONAL | |
| Nombre de persona | Rabito Alcón, María Frenzi |
| 100 1# - ASIENTO PRINCIPAL--NOMBRE PERSONAL | |
| Nombre de persona | Pérez López, Gilberto |
| 245 10 - MENCIÓN DE TÍTULO | |
| Título | Áreas de la entrevista para la evaluación psicológica de personas transexuales |
| 506 0# - NOTA DE RESTRICCIONES AL ACCESO | |
| Limitaciones de acceso | Acceso abierto |
| 520 3# - NOTA DE RESUMEN, ETC. | |
| Sumario, etc. | El tratamiento de la transexualidad es en gran medida irreversible. Por ello es necesaria una cuidadosa evaluación psicológica previa. Sin embargo, al ser un fenómeno emergente, se han desarrollado pocas pautas de evaluación. Por ello, se hace necesario tener al menos una orientación acerca de qué áreas evaluar. El objetivo de este estudio es proponer una serie de áreas a incluir en la entrevista para la evaluación psicológica de personas transexuales. Para ello se lleva a cabo una revisión de la literatura existente relacionada con el tema. Se revisan tantos las áreas de evaluación habituales en Psicología Clínica como los aspectos normalmente considerados en la evaluación de personas transexuales. Como conclusiones se proponen una serie de áreas a incluir en la entrevista para la evaluación psicológica de personas transexuales |
| 650 #4 - ASIENTO SECUNDARIO DE MATERIA - TERMINO TEMATICO | |
| Término de materia o nombre geográfico como elemento de entrada | Transexualismo |
| 9 (RLIN) | 13168 |
| 650 #2 - ASIENTO SECUNDARIO DE MATERIA - TERMINO TEMATICO | |
| Término de materia o nombre geográfico como elemento de entrada | Evaluación psicológica |
| 9 (RLIN) | 8411 |
| 653 0# - TERMINO DE INDIZACION - NO CONTROLADO | |
| Término no controlado | Entrevista clínica |
| 653 0# - TERMINO DE INDIZACION - NO CONTROLADO | |
| Término no controlado | Transgénero |
| 773 ## - ENLACE AL DOCUMENTO FUENTE/ENTRADA DE REGISTRO ANFITRIÓN | |
| Parte(s) relacionada(s) | Vol. 12, no. 2 (2015), p. 15-30 |
| Título | Acción psicológica |
| Número Internacional Normalizado para Publicaciones Seriadas | 2255-1271 |
| 856 4# - LOCALIZACIÓN Y ACCESO ELECTRÓNICOS | |
| Identificador Uniforme del Recurso | <a href="https://doi.org/10.5944/ap.12.2.12915">https://doi.org/10.5944/ap.12.2.12915</a> |
| 902 ## - ELEMENTOS DE DATOS B LOCAL, LDB (RLIN) | |
| Creó | Gloria Jiménez/300925 |
| 905 ## - TIPO DE MATERIAL | |
| Tipo de material | Articulo |
| 942 ## - ELEMENTOS DE PUNTO DE ACCESO ADICIONAL (KOHA) | |
| Tipo de ítem Koha | Artículo Electrónico |
| Estado de retiro | Estado de pérdida | Estado dañado | No para préstamo | Código de colección | Localización permanente | Ubicación/localización actual | Ubicación en estantería | Fecha de adquisición | Total de préstamos | Fecha visto por última vez | Identificador Uniforme del Recurso | Precio válido a partir de | Tipo de ítem Koha |
|---|---|---|---|---|---|---|---|---|---|---|---|---|---|
| Acceso abierto | Bib. Gregorio Torres Quintero | Bib. Gregorio Torres Quintero | En línea | 30/09/2025 | 30/09/2025 | https://doi.org/10.5944/ap.12.2.12915 | 30/09/2025 | Artículo Electrónico |
